000 00648nam a2200193 i 4500
001 29924
003 ES-MaACL
005 20230906154118.0
007 t|
008 030123s1970 sp ||||1| spa d
100 1 _aBasile, Joseph.
_926289
245 1 4 _aLos triunfos de Europa /
_cJoseph Basile ; [traducción... por Andrés Delgado Amor].
260 _aMadrid :
_bEuroamérica,
_c[1970]
300 _a280 p. :
_bil. ;
_c21 cm.
500 _aPrecede al tít.: Centro de Estudios Universitarios.
700 1 _aDelgado Amor, Andrés.
_943438
710 2 _aCentro de Estudios Universitarios (Madrid)
_92680
852 _aES-MaACL
_jC-39595
_bR.75951
999 _c29924
_d29924